| 000 | 00422nam a2200157Ia 4500 | ||
|---|---|---|---|
| 008 | 151021s9999 xx 000 0 und d | ||
| 020 | _a135388198 | ||
| 050 | _aQA 39.2 .P84 1982 | ||
| 245 | _a_living Mathmatics: A survey | ||
| 260 | _aU.S.A Prentice-Hall 1982 | ||
| 300 | _ax,614p,;ill | ||
| 500 | _aIncludes Index | ||
| 500 | _aIncludes Index | ||
| 650 | _a_Statistics | ||
| 980 | _a^d20120829 04:50:34^okorir | ||
| 999 |
_c12653 _d12653 |
||